| 000 | 01962cam a2200253 4500500 | ||
|---|---|---|---|
| 005 | 20251228080734.0 | ||
| 041 | _afre | ||
| 042 | _adc | ||
| 100 | 1 | 0 |
_aFerras, Benjamin _eauthor |
| 700 | 1 | 0 |
_aMatt, Jean-Luc _eauthor |
| 245 | 0 | 0 | _aLa question du financement |
| 260 | _c2015. | ||
| 500 | _a91 | ||
| 520 | _aLa création, en 1945, de la Sécurité sociale a conduit à la mise en œuvre d’un système de financement autonome de l’État. Cette autonomie s’est matérialisée notamment par la constitution d’une organisation financière spécifique et reposant sur des recettes affectées particulières, les cotisations sociales. Par la suite, l’évolution du mode de financement de la Sécurité sociale, du « tout cotisations » vers une part croissante de recettes fiscales affectées, a entraîné une évolution de la gouvernance financière des régimes de Sécurité sociale, avec un renforcement du rôle de pilotage de l’équilibre des régimes par l’État. | ||
| 520 | _aQuestions of financeThe creation in 1945 of the social security system brought with it a financial system independant from the state. This autonomy was visible particularly in the constitution of a specific form of financial organization based upon resources from social insurance contributions. Later in its history, the evolution of the means of financing towards an increasing portion being supplied from taxes brought about an evolution in financial governance. The role of the state in maintaining the balance of each regime was reinforced. | ||
| 690 | _acotisations et contributions sociales | ||
| 690 | _afinancement | ||
| 690 | _aSécurité sociale | ||
| 690 | _afinancing | ||
| 690 | _asocial contributions and social insurance | ||
| 690 | _asocial security | ||
| 786 | 0 | _nVie sociale | 10 | 2 | 2015-04-16 | p. 131-149 | 0042-5605 | |
| 856 | 4 | 1 | _uhttps://shs.cairn.info/revue-vie-sociale-2015-2-page-131?lang=fr&redirect-ssocas=7080 |
| 999 |
_c1598799 _d1598799 |
||